000 01060nam a22003017a 4500
001 BR8004741
003 BR-BrBNA
005 20230928090700.0
007 ta
008 230509b bl.||||| |||| 00| 0 por d
040 _aBR-BrBNA
_bpor
_cBiblioteca Nacional de Agricultura
041 _a(Por)
072 _aM20; P10
_b/G514
090 _ M20 BR8004741
100 1 _aMeireles, D.S.
110 1 _aInstituto de Pesquisas Espaciais, Sao Jose dos Campos, SP (Brasil)
_0Tese (Mestrado)
245 1 _aAplicacao de tecnica de sensores remotos na hidrografia, com enfase a batimetria [Cabo Frio, Brasil]
_bINPE-1673-TDL/013
260 3 _aSao Jose dos Campos, SP (Brasil):
_c1980.
300 _a239 p.
500 _a32 illus.; 20 tables; Summaries (Eng, Por). (*) Documento disponível na(o) Instituto de Pesquisas Espaciais, Sao Jose dos Campos, SP (Brazil)
650 _aOCEANOGRAFIA
650 _aTOPOGRAFIA
650 _aHIDROGRAFIA
650 _aCABO FRIO
650 _aSENSORIAMENTO REMOTO
909 _a202309
_bLucia
_c55
_dLucia Elande
942 _cBK
999 _c30001
_d30001